| 000 | 01353nam a2200373 i 4500 | ||
|---|---|---|---|
| 003 | DO-SdBNP | ||
| 005 | 20250304085820.0 | ||
| 007 | ta | ||
| 008 | 221025b2019 dr ||||| |||| 00| 0 spa d | ||
| 020 | _a9789945885033 | ||
| 040 |
_aDO-SdBNP _bspa _cBPMSU _erda |
||
| 082 | 4 |
_a793.7 _bC764m 2019 _222 |
|
| 100 | 1 |
_aContreras, Brunilda _eautora |
|
| 245 | 1 | 0 |
_aMi vaca de retahílas / _cBrunilda Contreras ; ilustraciones, Laura Jiménez ; edición, Gabriela Herrera Cabral ; prólogo, Margarita Luciano López |
| 250 | _a4a ed. | ||
| 264 | 1 |
_aSanto Domingo : _b3C Print, _c2019. |
|
| 300 |
_a50 páginas : _bilustraciones ; _c19 cm. |
||
| 336 |
_2rdacontent _atexto _btxt |
||
| 337 |
_2rdamedia _asin mediación _bn |
||
| 338 |
_2rdacarrier _avolumen _bnc |
||
| 500 | _aIncluye datos biográficos de la autora en la contracubierta | ||
| 586 | _aPremio Misael Valentino. Casa de la Obra Pía, Museo de la Habana | ||
| 590 | _aInventariado, 2022/BT | ||
| 650 | 4 | _aJuegos infantiles dominicanos | |
| 650 | 4 | _aAdivinanzas | |
| 650 | 4 | _aDiversiones | |
| 650 | 4 | _aJuegos literarios | |
| 650 | 4 | _aLiteratura infantil dominicana | |
| 700 | 1 |
_aJiménez, Laura, _eilustraciones |
|
| 700 | 1 |
_aHerrera Cabral, Gabriela, _eedición |
|
| 700 | 1 |
_aLuciano López, Margarita, _epról. |
|
| 910 | _aVMateo V. Control de calidad. BPMSU | ||
| 942 |
_2ddc _cBK |
||
| 999 |
_c7473 _d7473 |
||